000 007070000a22002290004500
003 LK-CoMWRAF
005 20231004132024.0
008 230817t1974 ||||| |||| 00| 0 eng d
040 _aLK-CoMWRAF
_dLK-CoMWRAF
_eLK-CoMWRAF
041 _aeng
082 _a297
_bMAU
100 _aMaududi, Abul Ala
245 _aPurdah and the status of Woman in Islam
260 _aNew Delhi:
_bMarkazi Maktaba Islami,
_c1974
300 _axi,231p.
_bIndex included
490 _aIshaat-e-islam trust publications
_v212
650 _aPURDAH
650 _aMuslim women--Conduct of life.
700 _a Ashʻari,
_etrans.
856 _uhttps://islamicstudies.info/literature/purdah_status_women_islam.pdf
942 _cBK
999 _c1193
_d1193